Quizzes
Events
Quiz Creation
Community
Videos
Private Events
Remove Ads
Sign In
Join for FREE
Feedback
Dark Mode
Quiz Categories
Sports
Geography
Music
Movies
Television
Just For Fun
Miscellaneous
History
Literature
Language
Science
Gaming
Entertainment
Religion
Holiday
For Kids
Quiz Lab
Recent
Popular Today
Quiz Kudos Today
Editor Picks
Curator Picks
Quizzes by...
Day
Popularity
Type
Ratings
Length
Year
Community
Subscriptions
Recent Discussions
Orange Saloon
Badges
Playlists
Quests
Create
Leaderboards
Showdown
Live 5
Trivia Bingo
Activity
Puzzle Library
Sporcle Events
Private Events
Virtual Trivia
Globe League
Become a Host
Pub Owners
SporcleCon
Opinionation
Our Games
Videos
Blog
Mobile Apps
Partnerships
Remove Ads and Go Orange
Feedback
Geography
Country
Landmarks
City
State
Population
World
Capital
Continent
Flags
Europe
Africa
Asia
South America
North America
Oceania
Border
Canada
United Kingdom
Topography
United States
Geography
Country
Landmarks
City
State
Population
World
Capital
Continent
Flags
Europe
Africa
Asia
South America
North America
Oceania
Border
Canada
United Kingdom
Topography
United States
Random Quiz
Search Sporcle
×
Quiz Lab
Quiz Lab
Geography
Population
Type in answers that appear in a list
Type in answers that appear in a list
Classic
Best Score? Go Orange.
Villages of Michigan Stats
Can you name the all 257 villages in Michigan?
By
BoomRShine
20m
257 Questions
50 Plays
50 Plays
50 Plays
Comments
Comments
Give Quiz Kudos
Give Quiz Kudos
-
- Ratings
hide this ad
Replay
Link that replays current quiz
Next Quiz
Link to next quiz in quiz playlist
You Got
0%
They Got
Avg Score
20%
Avg Friend Score
Upgrade to see
Score Distribution
Jump to the score distribution portion of the page
Score
0/257
Timer
20:00
0
Plays Today
Rank
Village
% Correct
7
Dexter
68%
2
Milford
60%
26
Manchester
60%
1
Beverly Hills
58%
4
New Haven
58%
8
Dundee
56%
10
Paw Paw
56%
14
Franklin
56%
231
Wolverine
54%
15
Lake Orion
52%
20
Pinckney
52%
3
Holly
50%
5
Wolverine Lake
50%
6
Sparta
50%
25
Jonesville
50%
33
L'Anse
50%
75
Fowler
50%
11
Oxford
48%
16
Vicksburg
48%
17
Fowlerville
48%
31
Kalkaska
48%
41
Berrien Springs
48%
12
Blissfield
46%
23
Clinton
46%
9
Romeo
44%
13
Middleville
44%
21
Chesaning
44%
22
Carleton
44%
28
Shelby
44%
37
Capac
44%
18
Almont
40%
32
Lake Odessa
40%
38
Goodrich
40%
43
Sebewaing
40%
19
Cass City
38%
57
Newberry
38%
30
Baraga
36%
47
Homer
36%
256
Eagle
36%
34
Mattawan
34%
114
Ubly
34%
120
Mackinaw City
34%
138
Port Austin
34%
142
Port Sanilac
34%
224
Port Hope
34%
27
Constantine
32%
42
Cassopolis
32%
81
Lexington
32%
97
Elsie
32%
128
Climax
32%
24
Spring Lake
30%
48
Quincy
30%
52
Ovid
30%
75
Baldwin
30%
88
Roscommon
30%
103
Westphalia
30%
115
Pentwater
30%
126
Caseville
30%
133
Calumet
30%
177
New Era
30%
184
Rothbury
30%
199
Empire
30%
36
Lawton
28%
39
Decatur
28%
46
South Rockwood
28%
53
Union City
28%
58
Shepherd
28%
63
Ortonville
28%
70
Webberville
28%
85
Bingham Farms
28%
119
Elkton
28%
143
Suttons Bay
28%
163
Northport
28%
182
Kingston
28%
220
Custer
28%
54
Birch Run
26%
55
Schoolcraft
26%
56
White Pigeon
26%
60
Ontonagon
26%
75
Pigeon
26%
91
Concord
26%
140
Peck
26%
152
Ashley
26%
178
Kinde
26%
191
Leonard
26%
243
Fountain
26%
Rank
Village
% Correct
253
Free Soil
26%
29
St. Charles
24%
64
Centreville
24%
84
Stevensville
24%
116
Deckerville
24%
127
Parma
24%
167
Unionville
24%
169
Benzonia
24%
171
Freeport
24%
187
Estral Beach
24%
40
Howard City
22%
49
Elk Rapids
22%
101
Mayville
22%
109
Farwell
22%
118
Pellston
22%
134
Tekonsha
22%
148
Byron
22%
151
Metamora
22%
152
Fairgrove
22%
155
Maybee
22%
194
Clarksville
22%
59
Caledonia
20%
62
Reese
20%
71
Edwardsburg
20%
78
Brooklyn
20%
90
Kent City
20%
92
North Branch
20%
107
Baroda
20%
137
Maple Rapids
20%
150
Sunfield
20%
161
Sterling
20%
233
Posen
20%
50
Nashville
18%
74
Stockbridge
18%
82
Grass Lake
18%
100
Dryden
18%
104
Onsted
18%
105
Deerfield
18%
110
Mendon
18%
152
Dansville
18%
174
Pewamo
18%
210
De Tour Village
18%
211
Clifford
18%
216
Barton Hills
18%
44
Armada
16%
86
Fruitport
16%
129
Vermontville
16%
130
South Range
16%
249
Melvin
16%
35
Laurium
14%
65
Mancelona
14%
72
Dimondale
14%
93
Athens
14%
113
Sanford
14%
121
Springport
14%
122
Lyons
14%
141
Eau Claire
14%
155
Vanderbilt
14%
160
Waldron
14%
201
Rosebush
14%
45
Lake Isabella
12%
61
Kingsley
12%
67
Saranac
12%
68
Lakewood Club
12%
87
Bellaire
12%
89
Millington
12%
96
Lawrence
12%
111
Otisville
12%
125
Merrill
12%
131
Richland
12%
146
Muir
12%
148
New Lothrop
12%
157
Mulliken
12%
162
Carsonville
12%
166
Lennon
12%
172
North Adams
12%
185
Woodland
12%
192
Akron
12%
197
Gagetown
12%
198
Gaines
12%
206
Beulah
12%
208
Lincoln
12%
212
Casnovia
12%
215
Vandalia
12%
222
Emmett
12%
229
Applegate
12%
Rank
Village
% Correct
232
Owendale
12%
51
Three Oaks
10%
66
Breckenridge
10%
69
Bellevue
10%
73
Ravenna
10%
80
Marcellus
10%
82
Colon
10%
99
Central Lake
10%
117
Burr Oak
10%
123
Columbiaville
10%
147
Britton
10%
168
Sand Lake
10%
175
Mecosta
10%
183
Cement City
10%
196
Otter Lake
10%
200
Elberta
10%
216
Boyne Falls
10%
218
Oakley
10%
223
Lake Ann
10%
245
Allen
10%
255
Forestville
10%
257
Turner
10%
79
Edmore
8%
106
Augusta
8%
112
Shoreham
8%
124
Vernon
8%
139
Sheridan
8%
158
Galien
8%
159
Bancroft
8%
164
Camden
8%
170
Morley
8%
173
Kaleva
8%
176
Bloomingdale
8%
180
Thompsonville
8%
189
Martin
8%
193
Hubbardston
8%
194
Mesick
8%
205
Clayton
8%
206
Montgomery
8%
209
Honor
8%
225
Prescott
8%
226
Burlington
8%
240
Breedsville
8%
241
Minden City
8%
242
Copemish
8%
246
Copper City
8%
95
Lakeview
6%
98
Hesperia
6%
102
Morrice
6%
132
Alanson
6%
135
Hillman
6%
144
Hopkins
6%
145
Addison
6%
180
Hanover
6%
186
Powers
6%
188
Onekama
6%
202
Barryton
6%
203
Hersey
6%
204
Ellsworth
6%
213
Luther
6%
214
Sherwood
6%
219
Bear Lake
6%
228
Le Roy
6%
235
Garden
6%
237
Stanwood
6%
238
Millersburg
6%
248
Twining
6%
94
Lake Linden
4%
108
Marion
4%
136
Buckley
4%
179
Fife Lake
4%
221
Grand Beach
4%
227
Daggett
4%
234
Tustin
4%
236
Chatham
4%
239
McBride
4%
244
Carney
4%
247
Michiana
4%
250
Pierson
4%
251
Ahmeek
4%
252
Alpha
4%
164
Eastlake
2%
190
Perrinton
2%
230
Walkerville
2%
254
Harrietta
2%
Quiz Playlist
Details
Report
Send in Message
Add To Playlist
Classic:
Type in answers that appear in a list
Last Updated: Feb 16, 2017
Quiz Scoreboard
CHALLENGE
Sign Up to Join the Scoreboard
Show All
Scores
Hide
Comments
May contain spoilers
Recently Published
Billboard Blitz: Fleetwood Mac
by CooCooCachoo
Music
15s
Presidents Visiting Landmarks
by Hejman
History
7m
An Introduction to Baseball
by treessimontrees
Sports
5m
More to Explore
Quiz From the Vault
Featured Blog Post
Where Did the Easter Bunny Come From?
hide this ad
You Might Also Like...
Tags
Population Quiz
michigan
Village
Today's Top Quizzes in Geography
Browse Geography
hide this ad
Today's Top Quizzes in Population
Browse Population
Top Contributed Quizzes in Geography
1
Countries of the World - No Outlines Minefield
2
Top 25 Cities of France on a map
3
Any capital of a 'B' country per Continent
4
Any capital of a 'C' country per Continent
5
Closest Countries to UK A-Z
6
Any capital of a 'D' country per Continent
7
5-to-1: US Geography No Hints
8
One Thing in Common: United Kingdom
9
Any capital of an 'E' country per Continent
10
Any capital of an 'F' country per Continent
Explore More
Trending Topics
Harry Potter
NBA
Kpop
Crossword
Disney
Anime
Marvel
NFL
Puzzle
WWE
Pokémon
Song
The Office
Country
Soccer
hide this ad
More By:
BoomRShine
Quiz
Plays
Rating
Category
Featured
Created
Most Common US City Names
109,984
4.40
Geography
Jan 24, 2011
US Universities' Athletic Revenues
100,240
4.59
Sports
Nov 9, 2011
States That Begin & End With a Consonant
71,871
4.04
Geography
Jul 29, 2010
U.S. States With Most Ski Resorts
5,730
4.07
Sports
Jul 8, 2010
U.S. States With Most Golf Courses
5,592
4.38
Sports
Jul 9, 2010
Go to Creator's Profile
Score Distribution
Quiz Creator Spotlight
BoomRShine
Follow
Send a Message
Quizzes Created
-
Created Quiz Play Count
-
More By This Creator
Popular Quizzes Today
1
Find the US States - No Outlines Minefield
2
Find the Countries of Europe - No Outlines Minefield
3
The Countries of the World
4
Find the US States
5
Risky Map Clicking: Biggest States A-Z
6
US States
7
Popular People in 1961
8
Movies - When Are They Set?
More Geography Quizzes
Find the Impostor: Borders II
Editor's Pick
Trending Quizzes
Risky Map Clicking: Least Populous States A-Z
1-10 Letter G Words
1-10 Letter F Words
Risky Map Clicking: Next State Alphabetically
Risky Map Clicking: Biggest States A-Z
Recently Updated
Leaping Animals
pecheneg
Reality TV Shows (A-Z)
bhenderson79
Rickey Henderson's Hall of Fame Teammates
pecheneg
Champions League XIs: Arsenal
pecheneg
Quick Pick: Celebrities in WWE's Hall of Fame
aduchscher
A-Z Keypad Blitz II
pecheneg
Multiple Oscar Actors
pecheneg
Mystery Phrase Blitz: Oscar 'Best Actors'
pecheneg
F. Scott Fitzgerald Novels
LTH
Pick 3 Villains
ddd62291
Trending Topics
Crossword
NBA
Marvel
Anime
Disney
Kpop
Harry Potter
The Office
WWE
Song
Soccer
NFL
Puzzle
Country
Pokémon
Your Account Isn't Verified!
In order to create a playlist on Sporcle, you need to verify the email address you used during registration. Go to your
Sporcle Settings
to finish the process.
Report this User
Report this user for behavior that violates our
Community Guidelines
.
Details:
Send Report
Go to the Sporcle.com Mobile Site →
Comments